[Event "Outaouais-ch Reserves"]
[Site "Gatineau"]
[Date "2018.05.01"]
[Round "5"]
[White "Celac, Jasmine"]
[Black "Celac, Ecaterina"]
[Result "0-1"]
[WhiteElo "1028"]
[BlackElo "1251"]
[PlyCount "38"]
[EventDate "2018.04.03"]
[EventType "swiss"]
[EventRounds "7"]
[EventCountry "CAN"]
[SourceTitle "EXT 2022"]
[Source "ChessBase"]
[SourceDate "2021.10.06"]
[SourceVersion "1"]
[SourceVersionDate "2021.10.06"]
[SourceQuality "1"]

1. e4 e5 2. d4 Nc6 3. Bc4 exd4 4. Ne2 Bc5 5. c3 Nf6 6. f3 dxc3 7. Nexc3 d6 8. Qe2 0-0 9. Rf1 Be6 10. Bxe6 fxe6 11. Be3 Bxe3 12. Qxe3 d5 13. Qd3 Nb4 14. Qb5 Nc2+ 15. Kd1 Nxa1 16. Kd2 dxe4+ 17. Qd3 exd3 18. Re1 Nc2 19. Re3 Nxe3 0-1